Allgemeinwissen Teil8 - Statistiken

Allgemein
  • Dieses Quiz wurde 573 mal gespielt
  • Das Durchschnittsergebnis liegt bei 6 aus 15
Antwortstatistiken
Hint Antwort % Korrekt
Wie viele Tage hat der April? 30
97%
Was ist der Sohn deiner Tante? Cousin
96%
Wie heißt die Hauptstadt von Norwegen? Oslo
92%
Wie viele Tage hat ein Schaltjahr? 366
91%
Wie viele Stunden hat eine Woche? 168
80%
Welche Straße ist in Monopoly die teuerste? Schlossallee
60%
Wie heißt dieser Code hier:"-- --- .-. ... . -.-. --- -.. ."? Morsecode
33%
Was ist die Ordnungszahl von Chrom? 24
29%
Wofür steht die Abkürzung DNA? Desoxyribonukleinsäure
28%
Wie nennt man Zahlen der Form z=x+y*i? komplexe Zahlen
9%
damit sie eine Äquivalenzrelation ist? symmetrisch/Symmetrie
6%
Welche 3 Eigenschaften muss eine Relationen haben, reflexiv/Reflexivität
5%
transitiv/Transitivität
5%
Wofür steht die Abkürzung ASCII (ASCII-Code)? American Standard Code for Information Interchange
2%
Was ist eine Formel die für mindestens eine Belegung den Wert T annimmt? erfüllbar
1%
Keine übereinstimmenden Quizze gefunden
Verteilung der Resultate
Anzahl Personen mit jedem Resultat
Perzentil nach korrekt beantworteten Fragen
Ihre Resultats-Entwicklung
Sie haben dieses Quiz noch nicht gespielt